L'Exposition de la miniature a Bruxelle en 1912 (Record no. 61472)

MARC details
000 -LEADER
campo de control de longitud fija 00681nam a2200157 i 4500
001 - NÚMERO DE CONTROL
campo de control 61472
003 - IDENTIFICADOR DE NÚMERO DE CONTROL
campo de control ES-MaACL
005 - FECHA Y HORA DE LA ÚLTIMA TRANSACCIÓN
campo de control 20230906164450.0
007 - CAMPO FIJO DE DESCRIPCIÓN FÍSICA--INFORMACIÓN GENERAL
campo de control de longitud fija t|
008 - DATOS DE LONGITUD FIJA--INFORMACIÓN GENERAL
campo de control de longitud fija 031112s1913 fr ||||1| fre d
245 02 - MENCIÓN DEL TÍTULO
Título L'Exposition de la miniature a Bruxelle en 1912
Resto del título : recueil des oeuvres les plus remarquatles des miniaturistes de toutes les ecoles, du XVIe au XIXe siecle /
Mención de responsabilidad, etc. ouvrage publie sous la direction du Comité de l'Expsition avec la collaboration de H. Kervyn de Lettenhove ... [et al.].
260 ## - PUBLICACIÓN, DISTRIBUCIÓN, ETC.
Lugar de publicación, distribución, etc. [S.l. :
Nombre del editor, distribuidor, etc. s.n.,
Fecha de publicación, distribución, etc. 1913] (
Lugar de fabricación/manufactura Amiens :
Fabricante J. E. Buschmann)
300 ## - DESCRIPCIÓN FÍSICA
Extensión XVIII, 142 p. ;
Dimensiones 36 cm.
700 1# - ENTRADA AGREGADA--NOMBRE PERSONAL
Nombre de persona Kervyn de Lettenhove.
9 (RLIN) 67946
852 ## - LOCALIZACIÓN
Ubicación ES-MaACL
Número de control de estantería C-10443
Holdings
Estatus retirado Estado de pérdida Estado de daño No para préstamo Biblioteca de origen Biblioteca actual Ubicación en estantería Fecha de adquisición Fuente de adquisición Total de préstamos Signatura topográfica completa Código de barras Visto por última vez Precio de reemplazo Tipo de ítem Koha
        Biblioteca del Ateneo de Madrid Biblioteca del Ateneo de Madrid Sala Palomar 17/01/2008     C-10443 1064457 23/02/2023 23/02/2023 Libro impreso